10 Random Countries in Africa - Statistics

General Stats
  • This quiz has been taken 56 times
  • The average score is 9 of 10
Answers on the Map
Answers color-coded by a green-red scale on the quiz's map according to % correct below.
 
Answer Stats
Answer % Correct
Algeria
92%
Eswatini
92%
Mali
92%
D.R.C/Democratic Republic of the Congo
90%
Kenya
88%
Zambia
88%
Mozambique
86%
Nigeria
86%
Angola
82%
Gabon
80%
No matching quizzes found
Score Distribution
Percent of People with Each Score
Percentile by Number Answered
Your Score History
You have not taken this quiz